| 000 | 00454nam a2200181Ia 4500 | ||
|---|---|---|---|
| 001 | 23141 | ||
| 005 | 20260414150918.0 | ||
| 008 | 260414t2018||||xx |||||||||||||| ||spa|| | ||
| 041 | _aESP | ||
| 082 |
_a624.183412 _bG45 |
||
| 100 |
_aGilbert, Raymond Ian _eAUT |
||
| 245 | 0 |
_aDesign of prestressed concrete to eurocode 2 _b |
|
| 260 | _c2018 | ||
| 300 |
_axxxiv, 665 páginas : _c23 cm. |
||
| 650 | _a0 | ||
| 654 | _aCIC | ||
| 942 |
_cLIB _dJUS _fJUS _2ddc _n |
||
| 999 |
_c23141 _d23141 |
||